Detalles MARC
| 000 -CABECERA |
| campo de control de longitud fija |
00959nam a2200265 4500 |
| 003 - IDENTIFICADOR DEL NÚMERO DE CONTROL |
| campo de control |
DO-SdBNP |
| 005 - FECHA Y HORA DE LA ÚLTIMA TRANSACCIÓN |
| campo de control |
20211228101535.0 |
| 007 - CAMPO FIJO DE DESCRIPCIÓN FÍSICA--INFORMACIÓN GENERAL |
| campo de control de longitud fija |
ta |
| 008 - DATOS DE LONGITUD FIJA--INFORMACIÓN GENERAL |
| campo de control de longitud fija |
210903e2007 ao||gr|||| 00| 0 spa |
| 040 ## - FUENTE DE LA CATALOGACIÓN |
| Centro catalogador/agencia de origen |
DO-SdBNP |
| Lengua de catalogación |
spa |
| Centro/agencia transcriptor |
BNPHU |
| 082 4# - NÚMERO DE LA CLASIFICACIÓN DECIMAL DEWEY |
| Número de edición |
22 |
| Número de documento/Ítem |
R426p |
| Número de clasificación |
528.907293 |
| 110 #1 - ENTRADA PRINCIPAL--NOMBRE DE ENTIDAD CORPORATIVA |
| 9 (RLIN) |
55493 |
| Nombre de entidad corporativa o nombre de jurisdicción como elemento de entrada |
República Dominicana. Suprema Corte de Justicia |
| 245 1# - MENCIÓN DE TÍTULO |
| Título |
Por la patria / |
| Mención de responsabilidad, etc. |
Suprema Corte de Justicia |
| 260 ## - PUBLICACIÓN, DISTRIBUCIÓN, ETC. |
| Lugar de publicación, distribución, etc. |
Santo Domingo : |
| Nombre del editor, distribuidor, etc. |
La Unión, |
| Fecha de publicación, distribución, etc. |
2007. |
| 300 ## - DESCRIPCIÓN FÍSICA |
| Extensión |
78 p. : |
| Otras características físicas |
il.; fot. |
| Dimensiones |
21 cm. |
| 590 ## - NOTA LOCAL (RLIN) |
| Nota local |
Inventariado, 2021 S/A |
| 650 40 - PUNTO DE ACCESO ADICIONAL DE MATERIA--TÉRMINO DE MATERIA |
| Término de materia o nombre geográfico como elemento de entrada |
Cuadros, ilustraciones |
| Subdivisión geográfica |
República Dominicana |
| 9 (RLIN) |
80893 |
| 650 40 - PUNTO DE ACCESO ADICIONAL DE MATERIA--TÉRMINO DE MATERIA |
| Término de materia o nombre geográfico como elemento de entrada |
Libros de láminas |
| Subdivisión general |
Banderas |
| Subdivisión geográfica |
República Dominicana |
| 9 (RLIN) |
80894 |
| 650 40 - PUNTO DE ACCESO ADICIONAL DE MATERIA--TÉRMINO DE MATERIA |
| Término de materia o nombre geográfico como elemento de entrada |
Escudos Nacionales |
| Subdivisión geográfica |
República Dominicana |
| 9 (RLIN) |
55100 |
| 700 1# - PUNTO DE ACCESO ADICIONAL--NOMBRE DE PERSONA |
| Nombre de persona |
Guillén, Marlene |
| Término indicativo de función/relación |
Redacción |
| -- |
Recopilación |
| 9 (RLIN) |
79744 |
| 700 1# - PUNTO DE ACCESO ADICIONAL--NOMBRE DE PERSONA |
| Nombre de persona |
Viteri, Jacqueline |
| Término indicativo de función/relación |
Redacción |
| -- |
Recopilación |
| 9 (RLIN) |
55249 |
| 700 1# - PUNTO DE ACCESO ADICIONAL--NOMBRE DE PERSONA |
| Nombre de persona |
Vidal, Fior |
| Término indicativo de función/relación |
Fotografía |
| 9 (RLIN) |
74922 |
| 910 ## - DATOS DE OPCIÓN DEL USUARIO (OCLC) |
| Datos de opción del usuario |
Saquino |
| 942 ## - ELEMENTOS DE PUNTO DE ACCESO ADICIONAL (KOHA) |
| Fuente del sistema de clasificación o colocación |
Dewey Decimal Classification |
| Tipo de ítem Koha |
Libro |